000 00651cab a2200229 4500
001 WB3201-40
008 090401t1995 xxu||||| |||| 00| 0 eng d
035 _a(Sirsi) u10686
041 _aeng
245 _aRamblers calling for right to roam
260 _c1995
350 _a0
490 _aSunday Telegraph
_v17 December 1995, 17(1)
520 _aA Ramblers Association sponsored `Right to Roam` Private Members Bill will be introduced in the New Year.
650 _aACCESS TO COUNTRYSIDE
650 _aRAMBLERS ASSOCIATION
650 _aRIGHT TO ROAM
690 _aLAND
690 _aRURAL PRACTICE
942 _n0
948 _c04/03/1997
999 _c6779
_d6779